| 000 -LEADER |
| fixed length control field |
01078cam a2200301 a 4500 |
| 001 - CONTROL NUMBER |
| control field |
(Sirsi) a821263 |
| 003 - CONTROL NUMBER IDENTIFIER |
| control field |
OSt |
| 005 - DATE AND TIME OF LATEST TRANSACTION |
| control field |
20250226085207.0 |
| 008 - FIXED-LENGTH DATA ELEMENTS--GENERAL INFORMATION |
| fixed length control field |
140521s2014 enka c 001 0 eng d |
| 020 ## - INTERNATIONAL STANDARD BOOK NUMBER |
| International Standard Book Number |
9781783250257 (hard) |
| 020 ## - INTERNATIONAL STANDARD BOOK NUMBER |
| International Standard Book Number |
1783250259 (hard) |
| 040 ## - CATALOGING SOURCE |
| Original cataloging agency |
TT |
| Language of cataloging |
eng |
| Transcribing agency |
TAE |
| Modifying agency |
KH8 |
| 042 ## - AUTHENTICATION CODE |
| Authentication code |
nbic |
| 082 0# - DEWEY DECIMAL CLASSIFICATION NUMBER |
| Classification number |
573.76 LOW |
| 100 1# - MAIN ENTRY--PERSONAL NAME |
| Personal name |
McGowan-Lowe, Jake, |
| Relator term |
author. |
| 245 10 - TITLE STATEMENT |
| Title |
Jake's bones / |
| Statement of responsibility, etc. |
Jake McGowan-Lowe ; consultant: Paolo Viscardi. |
| 260 ## - PUBLICATION, DISTRIBUTION, ETC. |
| Place of publication, distribution, etc. |
London : |
| Name of publisher, distributor, etc. |
Ticktock, |
| Date of publication, distribution, etc. |
2014. |
| 300 ## - PHYSICAL DESCRIPTION |
| Extent |
64 p. : |
| Other physical details |
ill. (some col.) ; |
| Dimensions |
30 cm. |
| 500 ## - GENERAL NOTE |
| General note |
Includes index. |
| 500 ## - GENERAL NOTE |
| General note |
"My guide to the brilliant world of animal bones and skeletons"--Cover. |
| 520 ## - SUMMARY, ETC. |
| Summary, etc. |
Presents information about animal bones and animal-bone collecting, featuring specimens from the young author's collection. |
| 521 1# - TARGET AUDIENCE NOTE |
| Target audience note |
9-12. |
| 650 #0 - SUBJECT ADDED ENTRY--TOPICAL TERM |
| Topical term or geographic name entry element |
Bones |
| Form subdivision |
Juvenile literature. |
| 650 #0 - SUBJECT ADDED ENTRY--TOPICAL TERM |
| Topical term or geographic name entry element |
Bones |
| General subdivision |
Collection and preservation |
| Form subdivision |
Juvenile literature. |
| 650 #0 - SUBJECT ADDED ENTRY--TOPICAL TERM |
| Topical term or geographic name entry element |
Child collectors |
| Form subdivision |
Juvenile literature. |
| 700 1# - ADDED ENTRY--PERSONAL NAME |
| Personal name |
Viscardi, Paolo, |
| Relator term |
consultant. |
| 942 ## - ADDED ENTRY ELEMENTS (KOHA) |
| Source of classification or shelving scheme |
|
| Koha item type |
Books - Non Ficton |